The Matachines dance of the upper Rio Grande (Record no. 10150)

MARC details
000 -CABECERA
campo de control de longitud fija 00812nam a2200253 a 4500
001 - NÚMERO DE CONTROL
campo de control BRL_1338
005 - FECHA Y HORA DE LA ÚLTIMA TRANSACCIÓN
campo de control 20190320211145.0
008 - DATOS DE LONGITUD FIJA--INFORMACIÓN GENERAL
campo de control de longitud fija 150114s1983----u--ao#####---#000-0#eng-#
020 ## - NÚMERO INTERNACIONAL ESTÁNDAR DEL LIBRO
Número Internacional Estándar del Libro 0803214197
041 ## - CÓDIGO DE LENGUA
Código de lengua del texto/banda sonora o título independiente eng
044 ## - CÓDIGO DEL PAÍS DE LA ENTIDAD EDITORA/PRODUCTORA
Código MARC del país u
050 #4 - SIGNATURA TOPOGRÁFICA DE LA BIBLIOTECA DEL CONGRESO
Número de clasificación GV1796.M35
Número de documento/Ítem .C43 1983
100 1# - ENTRADA PRINCIPAL--NOMBRE DE PERSONA
Nombre de persona Champe, Flavia Waters
9 (RLIN) 26570
245 10 - MENCIÓN DE TÍTULO
Título The Matachines dance of the upper Rio Grande
Resto del título history, music, and choreography
Mención de responsabilidad, etc. Flavia Waters Champe.
260 ## - PUBLICACIÓN, DISTRIBUCIÓN, ETC.
Lugar de publicación, distribución, etc. Lincoln
Nombre del editor, distribuidor, etc. University of Nebraska
Fecha de publicación, distribución, etc. 1983
300 ## - DESCRIPCIÓN FÍSICA
Extensión xii, 101 p.
Otras características físicas il.
Dimensiones 26 cm.
Material acompañante/anejo + 1 acetato
500 ## - NOTA GENERAL
Nota general Au1734
504 ## - NOTA DE BIBLIOGRAFÍA, ETC.
Nota de bibliografía, etc. Biblliografía: p. 99-101
650 14 - PUNTO DE ACCESO ADICIONAL DE MATERIA--TÉRMINO DE MATERIA
Término de materia o nombre geográfico como elemento de entrada Matachines (Danzas)
Subdivisión geográfica Nuevo México
9 (RLIN) 26571
650 14 - PUNTO DE ACCESO ADICIONAL DE MATERIA--TÉRMINO DE MATERIA
Término de materia o nombre geográfico como elemento de entrada Pueblos indígenas
Subdivisión general Danzas
9 (RLIN) 26572
650 14 - PUNTO DE ACCESO ADICIONAL DE MATERIA--TÉRMINO DE MATERIA
Término de materia o nombre geográfico como elemento de entrada Indígenas de América del Norte
Subdivisión general Danzas
9 (RLIN) 26573
902 ## - CATALOGADOR
Iniciales GRL
942 ## - ELEMENTOS DE PUNTO DE ACCESO ADICIONAL (KOHA)
Fuente del sistema de clasificación o colocación Library of Congress Classification
Tipo de ítem Koha Libros
Holdings
Estado de retiro Estado de pérdida Estado dañado No para préstamo Localización permanente Ubicación/localización actual Fecha de adquisición Número de inventario Total de préstamos Signatura topográfica completa Código de barras Fecha visto por última vez Precio válido a partir de Tipo de ítem Koha
El ejemplar forma parte de la colección y puede ser consultado según las políticas vigentes.       Biblioteca Centro de Estudios Ruth D. Lechuga Biblioteca Centro de Estudios Ruth D. Lechuga 07/01/2014 Au1734   GV1796.M35 .C43 1983 (Au1734) GRL01497 22/03/2019 22/03/2019 Libros